Faculty of Law Library — Cairo University

Official Online Catalog

وقف تنفيذ الحكم الإداري من محكمة الطعن في المرافعات الإدارية / (Record no. 58816)

MARC details
000 -LEADER
fixed length control field 01248nam a2200325 i 4500
003 - CONTROL NUMBER IDENTIFIER
control field EG-GICUC
005 - DATE AND TIME OF LATEST TRANSACTION
control field 20260125144242.0
008 - FIXED-LENGTH DATA ELEMENTS--GENERAL INFORMATION
fixed length control field 260124s2008 ua ||||fr|||| 00| 0 ara d
015 ## - NATIONAL BIBLIOGRAPHY NUMBER
Qualifying information ٢٠٠٢/١٩٨٩٦
017 ## - COPYRIGHT OR LEGAL DEPOSIT NUMBER
Copyright or legal deposit number 977-328-089-6
040 ## - CATALOGING SOURCE
Original cataloging agency EG-GICUC
Language of cataloging ara
Transcribing agency EG-GICUC
Modifying agency EG-GICUC
Description conventions rda
041 0# - LANGUAGE CODE
Language code of text/sound track or separate title ara
082 04 - DEWEY DECIMAL CLASSIFICATION NUMBER
Edition number 21
Classification number 345.661
Item number م ح . و
092 04 - LOCALLY ASSIGNED DEWEY CALL NUMBER (OCLC)
Edition number 21
099 ## - LOCAL FREE-TEXT CALL NUMBER (OCLC)
Classification number Law1 07 345.661 م ح . و 2008
100 0# - MAIN ENTRY--PERSONAL NAME
Personal name محمد باهي أبو يونس
Relator term مؤلف.
245 10 - TITLE STATEMENT
Title وقف تنفيذ الحكم الإداري من محكمة الطعن في المرافعات الإدارية /
Statement of responsibility, etc. دكتور محمد باهي أبو يونس.
264 #1 - PRODUCTION, PUBLICATION, DISTRIBUTION, MANUFACTURE, AND COPYRIGHT NOTICE
Place of production, publication, distribution, manufacture الإسكندرية :
Name of producer, publisher, distributor, manufacturer دار الجامعة الجديدة،
Date of production, publication, distribution, manufacture, or copyright notice 2008.
300 ## - PHYSICAL DESCRIPTION
Extent 450 صفحة؛
Dimensions 24 سم.
336 ## - CONTENT TYPE
Source rda content
Content type term text
337 ## - MEDIA TYPE
Source rda media
Media type term Computer
338 ## - CARRIER TYPE
Source rda carrier
Carrier type term Online Resource
504 ## - BIBLIOGRAPHY, ETC. NOTE
Bibliography, etc. note يشتمل على إرجاعات ببليوجرافية.
546 ## - LANGUAGE NOTE
Language note النص باللغة العربية
650 14 - SUBJECT ADDED ENTRY--TOPICAL TERM
Topical term or geographic name entry element وقف تنفيذ القرارات الإدارية
650 14 - SUBJECT ADDED ENTRY--TOPICAL TERM
Topical term or geographic name entry element القانون الإداري
856 40 - ELECTRONIC LOCATION AND ACCESS
Uniform Resource Identifier <a href="https://fll.law.cu.edu.eg/fulltext/bks/B07-03302.pdf">https://fll.law.cu.edu.eg/fulltext/bks/B07-03302.pdf</a>
905 ## - Cataloger and Reviser Names
Cataloger Name: Sara El-Gendy
942 ## - ADDED ENTRY ELEMENTS (KOHA)
Source of classification or shelving scheme Dewey Decimal Classification
Koha item type Books
Edition 21
Suppress in OPAC No
Holdings
Withdrawn status Lost status Source of classification or shelving scheme Damaged status Not for loan Collection Home library Current library Date acquired Total checkouts Full call number Barcode Date last seen Copy number Price effective from Koha item type
    Dewey Decimal Classification   Not for loan القانون الإداري جــــامعة القــاهرة مكتبة كلية الحقوق - المبنى الرئيسي 25.01.2026   Law1 07 345.661 م ح . و 2008 0703302 C1 B07-03302 25.01.2026 1 25.01.2026 Books
    Dewey Decimal Classification     القانون الإداري جــــامعة القــاهرة مكتبة كلية الحقوق - المبنى الرئيسي 25.01.2026   Law1 07 345.661 م ح . و 2008 0703303 C2 B07-03303 25.01.2026 2 25.01.2026 Books

© All rights reserved — Faculty of Law, Cairo University